[Event "Mumbai Wealth op U13 4th"]
[Site "Mumbai"]
[Date "2019.01.07"]
[Round "9"]
[White "Sohanganesh, Uddhav Nikam"]
[Black "Vedant, Nitin Vekhande"]
[Result "0-1"]
[WhiteElo "1299"]
[BlackElo "1564"]
[PlyCount "58"]
[EventDate "2018.12.30"]
[EventType "swiss"]
[EventRounds "9"]
[EventCountry "IND"]
[SourceTitle "CBM 188 Extra"]
[Source "ChessBase"]
[SourceDate "2019.02.26"]
[SourceVersion "1"]
[SourceVersionDate "2019.02.26"]
[SourceQuality "1"]

1. e4 c5 2. Nf3 d6 3. Bc4 g6 4. Nc3 Bg7 5. 0-0 Nc6 6. Re1 e6 7. d3 Nge7 8. Bg5 0-0 9. a3 h6 10. Bh4 a6 11. Ba2 b5 12. Rb1 Qb6 13. Ne2 Re8 14. Bxe7 Rxe7 15. Nf4 Bb7 16. g4 Ne5 17. h3 Rae8 18. Re3 h5 19. g5 Qd8 20. Nxe5 Bxe5 21. Nxh5 gxh5 22. Qxh5 f6 23. g6 Rg7 24. Qg4 d5 25. h4 f5 26. exf5 exf5 27. Qxf5 Qxh4 28. Rh3 Qf6 29. Re3 Qh4 0-1

[Event "Mumbai Wealth op U13 4th"]
[Site "Mumbai"]
[Date "2019.01.05"]
[Round "7"]
[White "Sohanganesh, Uddhav Nikam"]
[Black "Pingale, Shivraj Jaywant"]
[Result "1/2-1/2"]
[WhiteElo "1299"]
[BlackElo "1580"]
[PlyCount "104"]
[EventDate "2018.12.30"]
[EventType "swiss"]
[EventRounds "9"]
[EventCountry "IND"]
[SourceTitle "CBM 188 Extra"]
[Source "ChessBase"]
[SourceDate "2019.02.26"]
[SourceVersion "1"]
[SourceVersionDate "2019.02.26"]
[SourceQuality "1"]

1. e4 e6 2. d4 d5 3. exd5 exd5 4. Nf3 Nf6 5. Bd3 c5 6. c3 Bd6 7. Qe2+ Be7 8. dxc5 0-0 9. Be3 Re8 10. b4 Bg4 11. Qc2 a5 12. Ne5 axb4 13. 0-0 Bh5 14. Bb5 Nfd7 15. Nxd7 Nxd7 16. Qf5 Nf6 17. Bxe8 Qxe8 18. cxb4 Bg6 19. Qe5 Ng4 20. Qf4 Nxe3 21. Qxe3 Bf6 22. Qxe8+ Rxe8 23. Nd2 Bxa1 24. Rxa1 Bd3 25. Nb3 Kf8 26. Na5 Re4 27. a3 Ba6 28. Rb1 Bd3 29. Rd1 Bc2 30. Rc1 d4 31. f3 Re2 32. c6 bxc6 33. Nxc6 d3 34. Nd4 Re8 35. Nxc2 Rc8 36. Kf1 dxc2 37. Ke2 Ra8 38. Rxc2 Rxa3 39. Rb2 Ke7 40. b5 Ra7 41. Kd3 Kd6 42. Kc4 Rc7+ 43. Kb4 Rc1 44. Ka5 Kc7 45. Re2 Ra1+ 46. Kb4 Rb1+ 47. Kc5 Rc1+ 48. Kd4 Rd1+ 49. Kc3 Rc1+ 50. Kb2 Rg1 51. g3 Kb6 52. Kc3 Rh1 1/2-1/2